A gépek üzemi megbízhatósága
| Main Authors: | , , , |
|---|---|
| Other Authors: | , |
| Format: | Book |
| Language: | Hungarian Slovak Czech |
| PhysicalDescription: | 335 s., 17,97 AH Tb. Sch. 21 cm |
| Published: |
Bratislava
Príroda
1991
|
| ISBN: | 8007004440 |
| Edition: | 1. kiad. |
MARC
| LEADER | 00000nam a2200000 a 4500 | ||
|---|---|---|---|
| 001 | vtls001065716 | ||
| 003 | SK-MaSNL | ||
| 005 | 20260302063741.0 | ||
| 008 | 250414s1991 xo 000 0 hun | ||
| 015 | |a SNBA1991/10 | ||
| 020 | |a 8007004440 | ||
| 035 | |a SNK000008546 | ||
| 035 | |a urn:nbn:sk:snk-amkqlv | ||
| 035 | |a urn:nbn:sk:snk-am005bpa | ||
| 035 | |a 20752228-730E-4A73-A6DD-AF7CA6223FC6 | ||
| 040 | |a SNK |b slo |c SNK |e AACR2 | ||
| 041 | 1 | |a hun |a slo |h cze | |
| 044 | |a xo |c SK | ||
| 080 | |a 631.3(075.3)=945.11 |2 1981 | ||
| 100 | 1 | |a Suchánek, Zdeněk |4 aut |9 16203 | |
| 240 | 1 | 0 | |a Provozní spolehlivost strojů |l Maďarsky |
| 245 | 1 | 0 | |a A gépek üzemi megbízhatósága |c Zdeněk Suchánek és munkaközössége ; [ z čes. orig. prel. Károl Kirner ; väzba Štefan Pavelka] |
| 250 | |a 1. kiad. | ||
| 260 | |a Bratislava |b Príroda |c 1991 |e Nitra |f Nitrianske tlačiarne | ||
| 300 | |a 335 s., 17,97 AH |b Tb. Sch. |c 21 cm | ||
| 366 | |e 400 výt. | ||
| 500 | |a Maď.-slov. slovník. Reg. Súbež. tir. slov. | ||
| 504 | |a Bibliogr. | ||
| 700 | 1 | |a Pavelka, Štefan, |d 1930-2013 |4 ill |9 111830 | |
| 700 | 1 | |a Dvořák, Jaroslav |4 aut |9 7715 | |
| 700 | 1 | |a Klega, Josef |4 aut |9 44829 | |
| 700 | 1 | |a Legát, Václav |4 aut |9 8727 | |
| 700 | 1 | |a Kirner, Károly |4 trl |9 306207 | |
| 852 | |a Slovenská národná knižnica | ||
| 919 | |a 80-07-00444-0 | ||
| 958 | |a CZ | ||
| 958 | |a UC | ||
| 958 | |a TL | ||
| 958 | |a NB | ||
| 958 | |a OP | ||
| 958 | |a HU | ||
| 999 | |c 1133849 |d 1135779 | ||
| 952 | |a SNK |b SNK |y PREZ |7 0 |p 17A0945395 |o snkSC 80219 |0 0 |1 0 |4 0 |d 2012-08-13 |l 0 |r 2025-08-11 00:00:00 |w 2026-02-24 | ||
| 952 | |t P60, <04>, [BOOK], {604} |a SNK |b SNK |y VYP |7 0 |p 17A0330151 |o snkSC 80219 D1 |0 0 |1 0 |4 0 |d 2002-01-23 |f 1 |l 0 |r 2004-12-31 00:00:00 |w 2026-02-24 | ||


